000 00754cam a2200241 a 4500
001 000004650
005 20200929151457.0
008 790912s1976 sp 000 f spa
020 _a8432503274
040 _aDO-SdBNP
_bspa
_cBNPHU
082 _a843.8
_bV531m
100 1 _aVerne, Jules,
_d1828-1905
_913574
245 1 0 _aMistress Branican /
_cJulio Verne.
260 _aMadrid :
_bDoncel,
_c1976.
300 _a398 p. ;
_c18 cm.
490 1 _aEl libro de bolsillo doncel
_v113
500 _aLa obra posee el título en inglés, pero su contenido está en español.
650 4 _aNovela francesa
_91075
650 4 _aLiteratura francesa
_91074
830 0 _aEl libro de bolsillo doncel
_v113
_98628
910 _aCatalogación derivada
910 _aWM
999 _c4456
_d4456